| 000 | 00944nam a22002177i 4500 | ||
|---|---|---|---|
| 999 |
_c22883 _d22883 |
||
| 003 | AR-CdUCM | ||
| 008 | 240509b20212021 pe||||| |||| 00| 0 spa d | ||
| 040 |
_aMUNICIPALIDAD PROVINCIAL DEL CUSCO _cBIBLIOTECA MUNICIPAL DEL CUSCO |
||
| 082 |
_a376.36 / M36C _bM36C |
||
| 100 |
_aMedina Tapia, Hugo. _949766 |
||
| 245 | _aContribuye el Himno Nacional en nuestra identidad...? / | ||
| 260 |
_aCusco : _c2021 |
||
| 300 |
_a223 páginas. : _c21 cm. |
||
| 500 | _zBibliografía: página 221 - 222 | ||
| 505 | _aReflexiones sobre la Identidad Nacional -- El proceso político - social y la creación del Estado -- Los símbolos patrios, sirven para generar una Identidad propia? -- Breve reseña del Himno Nacional del Perú | ||
| 650 |
_aImportancia de la Identidad Nacional _949767 |
||
| 650 |
_aNación e Identidad nacional _949768 |
||
| 650 |
_aCrítica al Himno Nacional del Perú _949769 |
||
| 942 |
_2ddc _cLIBROS |
||
| 945 |
_apbj _d2024-05-09 |
||